Every Club to Knock PSG Out of the Champions League - Statistics

General Stats
  • This quiz has been taken 1,728 times
    571 since last reset
  • The average score is 11 of 12
Answer Stats
Season Stage Club % Correct
2019-20 Final Bayern Munich
98%
2022-23 Rd of 16 Bayern Munich
98%
2017-18 Rd of 16 Real Madrid
97%
2021-22 Rd of 16 Real Madrid
97%
2015-16 Qtr Finals Manchester City
95%
2020-21 Semi Finals Manchester City
95%
2023-24 Semi Finals Borussia Dortmund
93%
2012-13 Qtr Finals Barcelona
91%
2014-15 Qtr Finals Barcelona
91%
2016-17 Rd of 16 Barcelona
91%
2018-19 Rd of 16 Manchester United
85%
2013-14 Qtr Finals Chelsea
81%
No matching quizzes found
Score Distribution
Percent of People with Each Score
Percentile by Number Answered
Your Score History
You have not taken this quiz since the last reset